| 000 | 00747cam a2200193 4500 | ||
|---|---|---|---|
| 001 | ABS61092 | ||
| 008 | 000000n1999 000 0 eng u | ||
| 035 | _a(Sirsi) u101640 | ||
| 100 | _aCampbell, G. | ||
| 245 | _aBe green - or no green light. | ||
| 260 | _c1999 | ||
| 490 |
_aEstates Gazette _v(9931) 7 August 1999, 75-77(2) |
||
| 520 | _aThe Town and Country Planning (Environmental Impact Assessment) Regulations 1999 came into force in March 1999, and requires developers to prove that new schemes are environmentally sound at the planning stage. Examines the impact of this legislation. | ||
| 650 | _aPLANNING | ||
| 650 | _aENVIRONMENTAL ASSESSMENT | ||
| 690 | _aPROPERTY-PROPERTY DEVELOPMENT | ||
| 700 | _aBayliss, J. | ||
| 942 | _n0 | ||
| 999 |
_c60768 _d60768 |
||